<?xml version="1.0" encoding="UTF-8"?>
<record
    xmlns:xsi="http://www.w3.org/2001/XMLSchema-instance"
    xsi:schemaLocation="http://www.loc.gov/MARC21/slim http://www.loc.gov/standards/marcxml/schema/MARC21slim.xsd"
    xmlns="http://www.loc.gov/MARC21/slim">

  <leader>02118nam0a2200373   4500</leader>
  <controlfield tag="001">RU\NLR\bibl\927498</controlfield>
  <controlfield tag="005">20260405101108.0</controlfield>
  <datafield tag="021" ind1=" " ind2=" ">
    <subfield code="a">RU</subfield>
    <subfield code="b">2006-4340</subfield>
    <subfield code="9">201</subfield>
  </datafield>
  <datafield tag="035" ind1=" " ind2=" ">
    <subfield code="a">(nilc)RSL-KNO-002835046</subfield>
  </datafield>
  <datafield tag="035" ind1=" " ind2=" ">
    <subfield code="a">(NLR Aleph) 000915742</subfield>
  </datafield>
  <datafield tag="090" ind1=" " ind2=" ">
    <subfield code="a">68081</subfield>
    <subfield code="c">68081</subfield>
  </datafield>
  <datafield tag="100" ind1=" " ind2=" ">
    <subfield code="a">20060306d2006    |||y0rusy50      ca</subfield>
  </datafield>
  <datafield tag="101" ind1="0" ind2=" ">
    <subfield code="a">rus</subfield>
  </datafield>
  <datafield tag="102" ind1=" " ind2=" ">
    <subfield code="a">RU</subfield>
  </datafield>
  <datafield tag="105" ind1=" " ind2=" ">
    <subfield code="a">a   |||||||||</subfield>
  </datafield>
  <datafield tag="106" ind1=" " ind2=" ">
    <subfield code="a">r</subfield>
  </datafield>
  <datafield tag="200" ind1="1" ind2=" ">
    <subfield code="a">&#x420;&#x430;&#x441;&#x447;&#x435;&#x442; &#x441;&#x432;&#x435;&#x440;&#x445;&#x437;&#x432;&#x443;&#x43A;&#x43E;&#x432;&#x44B;&#x445; &#x442;&#x443;&#x440;&#x431;&#x443;&#x43B;&#x435;&#x43D;&#x442;&#x43D;&#x44B;&#x445; &#x442;&#x435;&#x447;&#x435;&#x43D;&#x438;&#x439;</subfield>
    <subfield code="f">&#x413;. &#x421;. &#x413;&#x43B;&#x443;&#x448;&#x43A;&#x43E; , &#x418;. &#x42D;. &#x418;&#x432;&#x430;&#x43D;&#x43E;&#x432; , &#x418;. &#x410;. &#x41A;&#x440;&#x44E;&#x43A;&#x43E;&#x432;</subfield>
  </datafield>
  <datafield tag="210" ind1=" " ind2=" ">
    <subfield code="a">&#x41C;&#x43E;&#x441;&#x43A;&#x432;&#x430;</subfield>
    <subfield code="c">&#x418;&#x43D;-&#x442; &#x43F;&#x440;&#x43E;&#x431;&#x43B;&#x435;&#x43C; &#x43C;&#x435;&#x445;&#x430;&#x43D;&#x438;&#x43A;&#x438;</subfield>
    <subfield code="d">2006</subfield>
    <subfield code="e">&#x41C;.</subfield>
    <subfield code="g">&#x418;&#x41F;&#x41C; &#x420;&#x410;&#x41D;</subfield>
  </datafield>
  <datafield tag="215" ind1=" " ind2=" ">
    <subfield code="a">36 &#x441;.</subfield>
    <subfield code="c">&#x438;&#x43B;.</subfield>
    <subfield code="d">21</subfield>
  </datafield>
  <datafield tag="225" ind1="1" ind2=" ">
    <subfield code="a">&#x41F;&#x440;&#x435;&#x43F;&#x440;&#x438;&#x43D;&#x442;</subfield>
    <subfield code="f">&#x418;&#x43D;-&#x442; &#x43F;&#x440;&#x43E;&#x431;&#x43B;&#x435;&#x43C; &#x43C;&#x435;&#x445;&#x430;&#x43D;&#x438;&#x43A;&#x438; &#x420;&#x43E;&#x441;. &#x430;&#x43A;&#x430;&#x434;. &#x43D;&#x430;&#x443;&#x43A; (&#x418;&#x41F;&#x41C; &#x420;&#x410;&#x41D;)</subfield>
    <subfield code="v">N 793</subfield>
  </datafield>
  <datafield tag="320" ind1=" " ind2=" ">
    <subfield code="a">&#x411;&#x438;&#x431;&#x43B;&#x438;&#x43E;&#x433;&#x440;.: &#x441;. 33-36</subfield>
  </datafield>
  <datafield tag="606" ind1="1" ind2=" ">
    <subfield code="a">&#x422;&#x443;&#x440;&#x431;&#x443;&#x43B;&#x435;&#x43D;&#x442;&#x43D;&#x44B;&#x439; &#x43F;&#x43E;&#x442;&#x43E;&#x43A; &#x441;&#x432;&#x435;&#x440;&#x445;&#x437;&#x432;&#x443;&#x43A;&#x43E;&#x432;&#x43E;&#x439;</subfield>
    <subfield code="x">&#x420;&#x430;&#x441;&#x447;&#x435;&#x442;</subfield>
    <subfield code="9">2421010</subfield>
    <subfield code="3">RU\NLR\auth\661441761</subfield>
  </datafield>
  <datafield tag="610" ind1="0" ind2=" ">
    <subfield code="a">&#x424;&#x438;&#x437;&#x438;&#x43A;&#x43E;-&#x43C;&#x430;&#x442;&#x435;&#x43C;&#x430;&#x442;&#x438;&#x447;&#x435;&#x441;&#x43A;&#x438;&#x435; &#x43D;&#x430;&#x443;&#x43A;&#x438; -- &#x41C;&#x435;&#x445;&#x430;&#x43D;&#x438;&#x43A;&#x430; -- &#x41C;&#x435;&#x445;&#x430;&#x43D;&#x438;&#x43A;&#x430; &#x434;&#x435;&#x444;&#x43E;&#x440;&#x43C;&#x438;&#x440;&#x443;&#x435;&#x43C;&#x44B;&#x445; &#x441;&#x440;&#x435;&#x434; -- &#x413;&#x438;&#x434;&#x440;&#x43E;- &#x438; &#x430;&#x44D;&#x440;&#x43E;&#x43C;&#x435;&#x445;&#x430;&#x43D;&#x438;&#x43A;&#x430; -- &#x413;&#x438;&#x434;&#x440;&#x43E;- &#x438; &#x430;&#x44D;&#x440;&#x43E;&#x434;&#x438;&#x43D;&#x430;&#x43C;&#x438;&#x43A;&#x430; -- &#x410;&#x44D;&#x440;&#x43E;- &#x438; &#x433;&#x430;&#x437;&#x43E;&#x434;&#x438;&#x43D;&#x430;&#x43C;&#x438;&#x43A;&#x430; -- &#x421;&#x432;&#x435;&#x440;&#x445;&#x437;&#x432;&#x443;&#x43A;&#x43E;&#x432;&#x43E;&#x435; &#x442;&#x435;&#x447;&#x435;&#x43D;&#x438;&#x435; &#x433;&#x430;&#x437;&#x430; -- &#x41F;&#x43E;&#x433;&#x440;&#x430;&#x43D;&#x438;&#x447;&#x43D;&#x44B;&#x439; &#x441;&#x43B;&#x43E;&#x439; &#x432; &#x441;&#x432;&#x435;&#x440;&#x445;&#x437;&#x432;&#x443;&#x43A;&#x43E;&#x432;&#x43E;&#x43C; &#x43F;&#x43E;&#x442;&#x43E;&#x43A;&#x435; &#x433;&#x430;&#x437;&#x430; -- &#x422;&#x443;&#x440;&#x431;&#x443;&#x43B;&#x435;&#x43D;&#x442;&#x43D;&#x44B;&#x439; &#x441;&#x43B;&#x43E;&#x439; -- &#x41C;&#x430;&#x442;&#x435;&#x43C;&#x430;&#x442;&#x438;&#x447;&#x435;&#x441;&#x43A;&#x438;&#x435; &#x43C;&#x435;&#x442;&#x43E;&#x434;&#x44B;</subfield>
  </datafield>
  <datafield tag="686" ind1=" " ind2=" ">
    <subfield code="a">&#x412;253.333.72&#x441;21,09</subfield>
    <subfield code="2">rubbk</subfield>
  </datafield>
  <datafield tag="686" ind1=" " ind2=" ">
    <subfield code="a">&#x412;253.333.72</subfield>
  </datafield>
  <datafield tag="700" ind1=" " ind2="1">
    <subfield code="4">070</subfield>
    <subfield code="8">rus</subfield>
    <subfield code="7">ca</subfield>
    <subfield code="a">&#x413;&#x43B;&#x443;&#x448;&#x43A;&#x43E;</subfield>
    <subfield code="b">&#x413;. &#x421;.</subfield>
    <subfield code="g">&#x413;&#x435;&#x43D;&#x43D;&#x430;&#x434;&#x438;&#x439; &#x421;&#x442;&#x435;&#x43F;&#x430;&#x43D;&#x43E;&#x432;&#x438;&#x447;</subfield>
    <subfield code="3">RU\NLR\auth\7737116</subfield>
    <subfield code="9">20105</subfield>
  </datafield>
  <datafield tag="701" ind1=" " ind2="1">
    <subfield code="4">070</subfield>
    <subfield code="8">rus</subfield>
    <subfield code="7">ca</subfield>
    <subfield code="a">&#x418;&#x432;&#x430;&#x43D;&#x43E;&#x432;</subfield>
    <subfield code="b">&#x418;. &#x42D;</subfield>
    <subfield code="c">&#x43A;&#x430;&#x43D;&#x434;. &#x444;&#x438;&#x437;.-&#x43C;&#x430;&#x442;. &#x43D;&#x430;&#x443;&#x43A;, &#x433;&#x430;&#x437;&#x43E;&#x434;&#x438;&#x43D;&#x430;&#x43C;&#x438;&#x43A;&#x430;</subfield>
    <subfield code="g">&#x418;&#x433;&#x43E;&#x440;&#x44C; &#x42D;&#x434;&#x443;&#x430;&#x440;&#x434;&#x43E;&#x432;&#x438;&#x447;</subfield>
    <subfield code="3">RU\NLR\auth\7737114</subfield>
    <subfield code="9">20103</subfield>
  </datafield>
  <datafield tag="701" ind1=" " ind2="1">
    <subfield code="4">070</subfield>
    <subfield code="8">rus</subfield>
    <subfield code="7">ca</subfield>
    <subfield code="a">&#x41A;&#x440;&#x44E;&#x43A;&#x43E;&#x432;</subfield>
    <subfield code="b">&#x418;. &#x410;.</subfield>
    <subfield code="g">&#x418;&#x433;&#x43E;&#x440;&#x44C; &#x410;&#x43D;&#x430;&#x442;&#x43E;&#x43B;&#x44C;&#x435;&#x432;&#x438;&#x447;</subfield>
    <subfield code="3">RU\NLR\auth\7737119</subfield>
    <subfield code="9">20108</subfield>
  </datafield>
  <datafield tag="801" ind1=" " ind2="0">
    <subfield code="a">RU</subfield>
    <subfield code="b">&#x420;&#x41A;&#x41F;</subfield>
    <subfield code="c">20060306</subfield>
    <subfield code="g">rcr</subfield>
  </datafield>
  <datafield tag="801" ind1=" " ind2="1">
    <subfield code="a">RU</subfield>
    <subfield code="b">&#x420;&#x413;&#x411;</subfield>
    <subfield code="c">20060306</subfield>
  </datafield>
  <datafield tag="801" ind1=" " ind2="2">
    <subfield code="a">RU</subfield>
    <subfield code="b">NLR</subfield>
    <subfield code="c">20060406</subfield>
    <subfield code="g">rcr</subfield>
  </datafield>
  <datafield tag="942" ind1=" " ind2=" ">
    <subfield code="c">BOOK</subfield>
  </datafield>
  <datafield tag="980" ind1=" " ind2=" ">
    <subfield code="a">NB</subfield>
  </datafield>
  <datafield tag="995" ind1=" " ind2=" ">
    <subfield code="5">2006-04-06</subfield>
    <subfield code="a">ad</subfield>
    <subfield code="b">NLR01</subfield>
    <subfield code="c">NLR01</subfield>
    <subfield code="e">RF3</subfield>
    <subfield code="f">2155965</subfield>
    <subfield code="k">2006-4/10215</subfield>
    <subfield code="o">0</subfield>
    <subfield code="r">BOOK</subfield>
    <subfield code="s">2006410215_</subfield>
  </datafield>
</record>
